Normal view
MARC view
- AUTOMOTIVE VEHICLE SAFETY.RISK EVALUTION.HUMAN ERROR CONTROL.RISK COMMUNICATION.CRASH TESTING.ACCIDENT RECONSTRUCTION.FUTURE VEHICLE SAFETY
Entry Topical Term
001 - CONTROL NUMBER
- control field: 67989
003 - CONTROL NUMBER IDENTIFIER
- control field: NUST
005 - DATE AND TIME OF LATEST TRANSACTION
- control field: 20210628203942.0
008 - FIXED-LENGTH DATA ELEMENTS
- fixed length control field: 210628|| aca||aabn | a|a d
040 ## - CATALOGING SOURCE
- Original cataloging agency: NUST
- Transcribing agency: NUST
150 ## - HEADING--TOPICAL TERM
- Topical term or geographic name entry element: AUTOMOTIVE VEHICLE SAFETY.RISK EVALUTION.HUMAN ERROR CONTROL.RISK COMMUNICATION.CRASH TESTING.ACCIDENT RECONSTRUCTION.FUTURE VEHICLE SAFETY
670 ## - SOURCE DATA FOUND
- Source citation: Work cat.: (NUST): Peters, George A :Peters, Barbara J 67988, Automotive vehicle safety, 2002
